=LDR 00000nam 2200000 4500 =001 INLIS000000000036705 =005 20130612142456 =008 ***********************************Ind** =035 ##$$0010-061300000036705 =041 ##$$a Ind =082 ##$$a 787.6 =090 ##$$a 787.6, Sad t =100 ##$$a Sadikin, Franky =245 ##$$a teknik slap bass untuk tingkat menengah sampai tingkat mahir, Franky Sadikin =260 ##$$a 2005 $b Jakarta =300 ##$$a 32 hlm, ilus, 30 cm =650 ##$$a Gitar =850 ##$$a NBPNMAT